Communication skills for adult nurses / (Record no. 54162)
[ view plain ]
| 000 -LEADER | |
|---|---|
| fixed length control field | 01207nam a22002657a 4500 |
| 005 - DATE AND TIME OF LATEST TRANSACTION | |
| control field | 20110721121837.0 |
| 010 ## - LCCN (DPL NO) | |
| LC control number | ENG-103086 B-457235 |
| 020 ## - INTERNATIONAL STANDARD BOOK NUMBER | |
| International Standard Book Number | 9780071077514 |
| Terms of availability | 299.00 |
| 020 ## - INTERNATIONAL STANDARD BOOK NUMBER | |
| International Standard Book Number | 0071077510 |
| Terms of availability | 299.00 |
| 035 ## - SYSTEM CONTROL NUMBER | |
| System control number | EN-86619 B-457235 |
| 037 ## - SOURCE OF ACQUISITION | |
| Source of stock number/acquisition | DBAD/PUB |
| 037 ## - SOURCE OF ACQUISITION | |
| Source of stock number/acquisition | K.K.Pub/Ven |
| 082 ## - DEWEY DECIMAL CLASSIFICATION NUMBER | |
| Classification number | 610.730699 |
| 245 ## - TITLE STATEMENT | |
| Title | Communication skills for adult nurses / |
| Statement of responsibility, etc | edited by Sarah Kraszewski [and] Abayomi McEwen |
| 260 ## - PUBLICATION, DISTRIBUTION, ETC. (IMPRINT) | |
| Place of publication, distribution, etc | New Delhi |
| Name of publisher, distributor, etc | Tata McGraw Hill |
| Date of publication, distribution, etc | 2011 |
| 270 ## - ADDRESS | |
| Address | 7, West Petel Nagar |
| City | New Delhi |
| Postal code | 110008 |
| 300 ## - PHYSICAL DESCRIPTION | |
| Extent | xiv,170p. |
| Dimensions | 23cm (pbk) |
| 500 ## - GENERAL NOTE | |
| General note | Includes bibliographical references and index |
| 700 ## - ADDED ENTRY--PERSONAL NAME | |
| 9 (RLIN) | 29763 |
| Personal name | Kraszewski, Sarah |
| 700 ## - ADDED ENTRY--PERSONAL NAME | |
| Personal name | McEwen, Abayomi |
| 9 (RLIN) | 29806 |
| 942 ## - ADDED ENTRY ELEMENTS (KOHA) | |
| Source of classification or shelving scheme | Dewey Decimal Classification |
| Item type | English Books |
| Call number suffix | COM |
| Classification part | 610.730699 |
| Withdrawn status | Lost status | Not for loan | Collection code | Home library | Current library | Date acquired | Source of acquisition | Cost, normal purchase price | Full call number | Barcode | Copy number | Cost, replacement price | Koha item type |
|---|---|---|---|---|---|---|---|---|---|---|---|---|---|
| Non-fiction | Central Library | Central Library | 01/06/2012 | K.K.Pub/1653/24.01.2012/25/16.01.2012/06.02.2012 | 299.00 | 610.730699 COM | B-457235 | 1 | 299.00 | English Books | |||
| Not For Loan | Non-fiction | D.B.Act.Division | D.B.Act.Division | 21/07/2011 | DBAD/PUB | 299.00 | 610.730699 COM | EN-86619 | 1 | 299.00 | English Books |
